[Event "ICS Rated bullet match"]
[Site "204.178.125.65"]
[Date "1999.11.10"]
[Round "?"]
[White "Hossa"]
[Black "vodka"]
[Result "0-1"]
[WhiteElo "2477"]
[BlackElo "2825"]
[PlyCount "80"]
[EventDate "1999.??.??"]

1. e4 e5 2. Nf3 Nf6 3. Nxe5 d6 4. Nf3 Nxe4 5. d4 d5 6. Bd3 Be7 7. O-O Nc6 8. c4
Nb4 9. cxd5 Nxd3 10. Qxd3 Qxd5 11. Re1 Bf5 12. g4 Bg6 13. Nc3 Nxc3 14. Qxc3 c6
15. Bf4 Kf8 16. b3 Re8 17. Re2 h5 18. g5 Qf5 19. Qe3 Qg4+ 20. Kh1 Qd7 21. Ne5
Qd5+ 22. Kg1 Bf5 23. Rae1 Kg8 24. Rc1 Ba3 25. Rc4 Bd6 26. Qc3 h4 27. Ra4 h3 28.
Qg3 c5 29. Rxa7 Bc7 30. Ra4 cxd4 31. Rc4 d3 32. Re3 d2 33. f3 d1=Q+ 34. Re1
Bb6+ 35. Be3 Bxe3+ 36. Kh1 Rxe5 37. Rf4 Bxf4 38. Rg1 Q5xf3+ 39. Qxf3 Qxf3+ 40.
Rg2 40... Qxg2# {Hossa checkmated} 0-1

[Event "ICS rated blitz match"]
[Site "204.178.125.65"]
[Date "1999.11.10"]
[Round "?"]
[White "Hossa"]
[Black "PostModernist"]
[Result "1-0"]
[WhiteElo "2430"]
[BlackElo "2551"]
[PlyCount "239"]
[EventDate "1999.??.??"]

1. e4 c5 2. Nf3 d6 3. d4 Nf6 4. Nc3 cxd4 5. Nxd4 e6 6. g4 Be7 7. g5 Nfd7 8. Bg2
O-O 9. O-O Nb6 10. f4 e5 11. Nf5 Bxf5 12. exf5 Nc6 13. Re1 f6 14. g6 h6 15. Nd5
Kh8 16. c3 Nxd5 17. Bxd5 Qb6+ 18. Kh1 Qb5 19. c4 Qb6 20. Re2 Nb4 21. Bg2 Qc7
22. a3 Nc6 23. Be3 Rfb8 24. Qd5 Na5 25. Rc1 Nc6 26. Rce1 Na5 27. Rc2 Rd8 28. b4
Nc6 29. b5 Na5 30. Qe6 Rf8 31. Bd5 Rae8 32. Be4 b6 33. a4 Nb3 34. Bc6 Rc8 35.
Rce2 Na5 36. Bf3 Rce8 37. Rc1 exf4 38. Bxf4 Nb3 39. Rd1 Nc5 40. Qe3 Nd7 41. Bc6
Ne5 42. Bxe8 Rxe8 43. Bxh6 Qb7+ 44. Kg1 Bf8 45. Bxg7+ Kxg7 46. Rf2 Rc8 47. Qh3
Kg8 48. Rd4 Nxc4 49. Rh4 Bg7 50. Rhf4 Ne5 51. Qh7+ Kf8 52. Rf1 Rc2 53. R4f2
Rxf2 54. Rxf2 Nf3+ 55. Kf1 Qd5 56. h3 Qxf5 57. Kg2 Qxg6+ 58. Qxg6 Nh4+ 59. Kf1
Nxg6 60. Rc2 f5 61. Rc8+ Kf7 62. Rc7+ Ne7 63. a5 bxa5 64. Rxa7 Bd4 65. Rxa5 Nd5
66. Ra3 Kf6 67. Rb3 Ke5 68. h4 f4 69. h5 Ne3+ 70. Ke1 f3 71. b6 f2+ 72. Kxf2
Nc4+ 73. Kg3 Bxb6 74. h6 Kf6 75. Kg4 Kg6 76. Rh3 Kh7 77. Kf5 d5 78. Ke6 d4 79.
Kd5 Ne3+ 80. Ke4 Ba7 81. Rh5 Ng4 82. Ra5 Bb6 83. Ra6 Bc5 84. Re6 Nh2 85. Kd5
Bb4 86. Kxd4 Bd2 87. Ke4 Bc1 88. Kf5 Nf3 89. Kg4 Nd4 90. Re4 Nc6 91. Kh5 Bb2
92. Re6 Ne5 93. Re7+ Kh8 94. h7 Bd4 95. Kg5 Bc3 96. Ra7 Bb4 97. Kf5 Nd3 98. Rd7
Nc5 99. Rc7 Na6 100. Rb7 Nc5 101. Rb8+ Kxh7 102. Rxb4 Kg7 103. Rb5 Nd3 104. Ke4
Nf2+ 105. Kf3 Nd1 106. Rb3 Kf6 107. Ke2 Ke5 108. Kxd1 Kd5 109. Ke2 Ke4 110. Rd3
Kf4 111. Re3 Kf5 112. Kf3 Kg5 113. Ke4 Kf6 114. Kf4 Kg7 115. Kg5 Kf7 116. Re2
Kg7 117. Rf2 Kh7 118. Kf6 Kg8 119. Kg6 Kh8 120. Rf8# {PostModernist checkmated}
1-0

[Event "ICS Rated blitz match"]
[Site "204.178.125.65"]
[Date "1999.11.10"]
[Round "?"]
[White "PostModernist"]
[Black "Hossa"]
[Result "1-0"]
[WhiteElo "2530"]
[BlackElo "2451"]
[PlyCount "80"]
[EventDate "1999.??.??"]

1. e4 e5 2. Nf3 Nc6 3. Bb5 Nge7 4. c3 d5 5. Nxe5 dxe4 6. d4 exd3 7. Qf3 Be6 8.
Nxc6 bxc6 9. Bxd3 Bd5 10. Be4 f5 11. Bxd5 cxd5 12. O-O Rb8 13. Re1 Kf7 14. b4
a6 15. Bf4 Rb6 16. Qg3 Rb7 17. Nd2 Ng6 18. Nb3 Qd7 19. Na5 Ra7 20. Be3 Ra8 21.
Bd4 Bd6 22. Qh3 Be7 23. a3 Nh4 24. c4 Ng6 25. cxd5 Qxd5 26. Rad1 Rad8 27. Qh5
Qb5 28. a4 Qxa4 29. Qxf5+ Kg8 30. Qe6+ Kf8 31. Nb7 Rd6 32. Nxd6 cxd6 33. Rc1
Qe8 34. Rc8 Qxc8 35. Qxc8+ Bd8 36. Qxd8+ Kf7 37. Qc7+ Ne7 38. Rxe7+ Kg6 39.
Rxg7+ Kf5 40. Qc2+ 40... Kf4 {Hossa resigns} 1-0

[Event "ICS Rated blitz match"]
[Site "204.178.125.65"]
[Date "1999.11.10"]
[Round "?"]
[White "Hossa"]
[Black "PostModernist"]
[Result "1/2-1/2"]
[WhiteElo "2439"]
[BlackElo "2542"]
[PlyCount "199"]
[EventDate "1999.??.??"]

1. e4 c5 2. Nf3 d6 3. d4 Nf6 4. Nc3 cxd4 5. Nxd4 Nc6 6. Bc4 Bd7 7. Be3 e6 8.
Ndb5 Bc8 9. Bf4 e5 10. Bg5 Nb4 11. Bxf6 gxf6 12. Qh5 Kd7 13. O-O-O a6 14. Nxd6
Bxd6 15. Rxd6+ Kxd6 16. Rd1+ Kc5 17. Rxd8 Rxd8 18. Qxf7 Nc6 19. Na4+ Kd6 20.
Bd5 Rb8 21. Qxf6+ Kc7 22. Bxc6 bxc6 23. Qxe5+ Kb7 24. Qe7+ Bd7 25. Qxh7 Kc8 26.
Nc5 a5 27. f3 Rb4 28. Qe7 Rb5 29. g4 Rb6 30. h4 Rb8 31. a4 Ra8 32. Nxd7 Rxd7
33. Qe8+ Rd8 34. Qxc6+ Kb8 35. f4 Rh8 36. Qc5 Rh7 37. Qb6+ Kc8 38. Qe6+ Kc7 39.
Qc4+ Kb6 40. b4 axb4 41. Qxb4+ Kc6 42. a5 Rha7 43. Qb6+ Kd7 44. Qb5+ Ke7 45.
Qe5+ Kf7 46. Qf5+ Kg7 47. Qg5+ Kf7 48. Qd5+ Kf8 49. Qd6+ Ke8 50. Qe6+ Kf8 51.
Qf6+ Ke8 52. Qg6+ Kf8 53. Qh6+ Ke8 54. Qc6+ Kd8 55. Qf6+ Ke8 56. Kd2 Rd7+ 57.
Kc3 Rxa5 58. Qe6+ Kd8 59. Kb4 Raa7 60. Qg8+ Kc7 61. c4 Rb7+ 62. Kc5 Rb6 63. Qa8
Rb8 64. Qa5+ Kb7 65. Qb6+ Kc8 66. Qf6 Rc7+ 67. Kd5 Rd7+ 68. Ke5 Kc7 69. Kf5 Rd6
70. Qe7+ Kc6 71. c5 Rdd8 72. Qe6+ Kxc5 73. Qe7+ Kd4 74. Qa7+ Kd3 75. Qa3+ Kd4
76. Qa1+ Ke3 77. Qe1+ Kd3 78. Qf1+ Ke3 79. Qg1+ Kf3 80. Qh1+ Kg3 81. Qe1+ Kh3
82. Qe3+ Kxh4 83. Qf2+ Kh3 84. Qf3+ Kh4 85. g5 Rf8+ 86. Ke5 Rbe8+ 87. Kd5 Rd8+
88. Ke6 Rfe8+ 89. Kf7 Rf8+ 90. Kg6 Rg8+ 91. Kh6 Rh8+ 92. Kg7 Rhg8+ 93. Kf6
Rgf8+ 94. Kg6 Rg8+ 95. Kh6 Rh8+ 96. Kg7 Rhg8+ 97. Kf6 Rgf8+ 98. Ke7 Rfe8+ 99.
Kf6 Rf8+ 100. Ke5 {Game drawn by repetition} 1/2-1/2

[Event "ICS rated bullet match"]
[Site "204.178.125.65"]
[Date "1999.11.10"]
[Round "?"]
[White "JSBach"]
[Black "Hossa"]
[Result "1-0"]
[WhiteElo "2092"]
[BlackElo "2475"]
[PlyCount "108"]
[EventDate "1999.??.??"]

1. d4 Nf6 2. Bf4 c5 3. Nf3 cxd4 4. Qxd4 Nc6 5. Qa4 Nd5 6. Bg3 a6 7. e4 Nb6 8.
Qb3 d5 9. exd5 Nxd5 10. Bc4 Na5 11. Qd3 Nxc4 12. Qxc4 Bf5 13. O-O Rc8 14. Qa4+
Bd7 15. Qe4 Nf6 16. Qxb7 Rxc2 17. Rd1 a5 18. Bh4 Rc4 19. Bxf6 exf6 20. Nc3 Rb4
21. Qd5 Rxb2 22. Re1+ Be7 23. Rad1 h6 24. Na4 Rc2 25. Nc5 Rxc5 26. Qxc5 a4 27.
Qd6 a3 28. Qxa3 h5 29. Qd6 f5 30. a4 Rh6 31. Qd4 Rg6 32. Qxd7+ Qxd7 33. Rxd7
Kxd7 34. Ne5+ Kd8 35. Nxg6 fxg6 36. a5 Bf6 37. a6 Kc7 38. Re6 Kb8 39. g3 Ka7
40. h3 Bd4 41. Rxg6 Bf6 42. g4 hxg4 43. Rxf6 gxf6 44. h4 f4 45. Kh2 Kxa6 46. h5
f5 47. h6 Kb6 48. h7 Kc6 49. h8=Q Kd5 50. Qf6 Ke4 51. Qe6+ Kd4 52. Qxf5 Kc4 53.
Qxg4 Kd4 54. Qxf4+ 54... Kd5 {Hossa resigns} 1-0

[Event "ICS rated blitz match"]
[Site "204.178.125.65"]
[Date "1999.11.10"]
[Round "?"]
[White "Hossa"]
[Black "Skeletor"]
[Result "0-1"]
[WhiteElo "2454"]
[BlackElo "2599"]
[PlyCount "97"]
[EventDate "1999.??.??"]

1. e4 e5 2. Nf3 d6 3. d4 Nf6 4. dxe5 Nxe4 5. Qd5 Nc5 6. Bg5 Qd7 7. Nc3 c6 8.
Qd2 dxe5 9. Nxe5 Qxd2+ 10. Bxd2 Nbd7 11. Nxd7 Bxd7 12. O-O-O O-O-O 13. Bg5 f6
14. Be3 Be7 15. Bc4 Bf5 16. Rhe1 Rxd1+ 17. Rxd1 b5 18. Bxc5 Bxc5 19. Bxb5 cxb5
20. Rd5 Bxf2 21. Rxf5 Be3+ 22. Kb1 b4 23. Nd5 Bd2 24. Rf2 Re8 25. a3 Be1 26.
Rf4 bxa3 27. bxa3 h5 28. Rc4+ Kb8 29. Rd4 f5 30. Rd3 Re2 31. Re3 Rxe3 32. Nxe3
g6 33. Nd5 g5 34. Ne7 f4 35. Nd5 Kb7 36. c4 h4 37. h3 Kc6 38. Nb4+ Bxb4 39.
axb4 g4 40. hxg4 h3 41. gxh3 f3 42. Kc2 f2 43. Kc3 f1=Q 44. Kd4 Qxh3 45. g5
Qh8+ 46. Ke4 Qc3 47. b5+ Kd6 48. Kf5 Qf3+ 49. Kg6 {Hossa resigns} 0-1

[Event "ICS Rated blitz match"]
[Site "204.178.125.65"]
[Date "1999.11.10"]
[Round "?"]
[White "Skeletor"]
[Black "Hossa"]
[Result "1-0"]
[WhiteElo "2609"]
[BlackElo "2444"]
[PlyCount "122"]
[EventDate "1999.??.??"]

1. e4 e5 2. Nf3 Nf6 3. Nxe5 d6 4. Nf3 Nxe4 5. d4 d5 6. Bd3 Be7 7. O-O Nc6 8. c4
Nb4 9. Be2 dxc4 10. Bxc4 O-O 11. Nc3 Bf5 12. Ne5 Nf6 13. Be3 Qc8 14. Rc1 Ng4
15. Qf3 Nxe5 16. dxe5 c6 17. Ne4 Be6 18. Qg3 Kh8 19. Nd6 Bxd6 20. exd6 Nxa2 21.
Bd4 Rg8 22. Bxa2 Bxa2 23. b3 Qe6 24. Rc3 Rad8 25. Rd1 Qd5 26. Qf3 Rge8 27. h3
f6 28. Qxd5 cxd5 29. Ra1 Rxd6 30. Rxa2 a6 31. Re2 Rdd8 32. Rxe8+ Rxe8 33. Rc5
Rd8 34. Rc7 b5 35. Ra7 Kg8 36. Rxa6 Rc8 37. Rb6 Rc1+ 38. Kh2 Rd1 39. Bc5 d4 40.
Rxb5 d3 41. Rb8+ Kf7 42. Rb7+ Ke6 43. Re7+ Kd5 44. Be3 g6 45. Rxh7 Ke6 46. Rc7
Rb1 47. Rc3 Rd1 48. Rc1 Rxc1 49. Bxc1 Kd5 50. Bd2 Ke5 51. Kg3 Ke4 52. Bc3 f5
53. f3+ Ke3 54. h4 d2 55. Bxd2+ Kxd2 56. b4 Ke3 57. b5 g5 58. hxg5 Kd4 59. b6
Ke5 60. b7 Ke6 61. b8=Q 61... Kd5 {Hossa resigns} 1-0

[Event "ICS Rated blitz match"]
[Site "164.58.253.13"]
[Date "1999.11.10"]
[Round "?"]
[White "scrappy"]
[Black "Hossa"]
[Result "1-0"]
[WhiteElo "2490"]
[BlackElo "2139"]
[PlyCount "135"]
[EventDate "1999.??.??"]

1. e4 e5 2. Nf3 Nf6 3. Nxe5 d6 4. Nf3 Nxe4 5. d4 Nf6 6. Bd3 Be7 7. h3 d5 8. O-O
O-O 9. Ne5 Nc6 10. Nxc6 bxc6 11. Qf3 Be6 12. Re1 Re8 13. Nd2 c5 14. dxc5 Bxc5
15. Nb3 Bb4 16. c3 Be7 17. Be3 c6 18. Nd4 Bd7 19. Nf5 Bxf5 20. Bxf5 c5 21. Rad1
Qa5 22. a3 Qb5 23. Rd2 Bd6 24. Rde2 Qb3 25. Bd3 Rab8 26. Bb1 Kh8 27. Bf5 Re7
28. Bc1 Rbe8 29. Rxe7 Rxe7 30. Rxe7 Bxe7 31. Qe2 Bd6 32. Bg5 Qa2 33. g3 Qa1+
34. Kg2 Kg8 35. Bxf6 gxf6 36. Qh5 Kf8 37. Bxh7 Qa2 38. Qh6+ Ke7 39. Qe3+ Kf8
40. Qe2 d4 41. cxd4 cxd4 42. Bd3 f5 43. Bc4 Qb1 44. Qh5 Qe4+ 45. Kh2 Qb7 46.
Qh8+ Ke7 47. Qh4+ Ke8 48. Qxd4 Qc7 49. b4 f4 50. Qe4+ Kd8 51. Qd5 fxg3+ 52.
fxg3 Ke8 53. Kg2 Bxg3 54. Qxf7+ Qxf7 55. Bxf7+ Kxf7 56. Kxg3 Ke6 57. a4 Kd5 58.
h4 Kc4 59. b5 Kb3 60. a5 Kb4 61. b6 a6 62. b7 Kc4 63. b8=Q Kd3 64. Qb4 Ke3 65.
Qc4 Kd2 66. Kf3 Kd1 67. Ke3 Ke1 68. Qe2# {Hossa checkmated} 1-0

[Event "ICS Rated blitz match"]
[Site "164.58.253.13"]
[Date "1999.11.10"]
[Round "?"]
[White "Hossa"]
[Black "PCcomet"]
[Result "0-1"]
[WhiteElo "2132"]
[BlackElo "2186"]
[PlyCount "154"]
[EventDate "1999.??.??"]

1. e4 c5 2. Nf3 Nc6 3. Bb5 d6 4. O-O Bd7 5. d3 g6 6. Nc3 h6 7. Be3 Bg7 8. Qd2
a6 9. Ba4 Nf6 10. Rae1 Ng4 11. h3 Nxe3 12. fxe3 O-O 13. a3 Kh7 14. Bxc6 Bxc6
15. b4 cxb4 16. axb4 Rc8 17. d4 e6 18. Ra1 Qc7 19. Ra3 f5 20. exf5 exf5 21. Qd3
Qe7 22. d5 Bd7 23. Nd4 Rfe8 24. Rf3 Qh4 25. Nce2 Be5 26. Rf1 Bf6 27. b5 axb5
28. Nxb5 Bxb5 29. Qxb5 Re7 30. c3 Qe4 31. Rf3 Qc2 32. Rf2 Bg5 33. Kh2 Bxe3 34.
Rf3 Qd2 35. Ng3 Qc1 36. Ne2 Bg1+ 37. Nxg1 Qxa3 38. Re3 Rg7 39. Ne2 Rc5 40. Qd3
Qb3 41. Nf4 Rf7 42. Kg1 Rc8 43. Ne6 Ra8 44. Re1 Ra5 45. Nf4 g5 46. Rb1 Qa3 47.
Ne6 Ra8 48. Rf1 Qa6 49. Qf3 Qc4 50. Qh5 Rf6 51. Nxg5+ Kg8 52. Rxf5 Qxc3 53. Nf7
Kg7 54. Kh2 Rxf5 55. Qxf5 Rf8 56. Qg4+ Kxf7 57. Qe6+ Kg7 58. Qxd6 Qe3 59. Qd7+
Rf7 60. Qg4+ Kh7 61. Qd1 Qe5+ 62. Kg1 Rd7 63. Qb1+ Kg7 64. Qb4 Qxd5 65. Qg4+
Kh7 66. Kh2 Qd6+ 67. Qg3 Qxg3+ 68. Kxg3 b5 69. Kf4 b4 70. Ke5 b3 71. Ke6 Rd3
72. Ke5 b2 73. g4 b1=Q 74. h4 Qb2+ 75. Kf5 Qf2+ 76. Ke6 Qe1+ 77. Kf7 77... Rf3#
{Hossa checkmated} 0-1

[Event "ICS Rated blitz match"]
[Site "164.58.253.13"]
[Date "1999.11.10"]
[Round "?"]
[White "PCcomet"]
[Black "Hossa"]
[Result "1-0"]
[WhiteElo "2193"]
[BlackElo "2109"]
[PlyCount "69"]
[EventDate "1999.??.??"]

1. d4 Nf6 2. c4 g6 3. Nc3 Bg7 4. e4 d6 5. f4 O-O 6. Nf3 c5 7. d5 e6 8. Be2 exd5
9. cxd5 Re8 10. Nd2 a6 11. a4 Ng4 12. Bxg4 Qh4+ 13. g3 Qxg4 14. Qxg4 Bxg4 15.
Kf2 Bd4+ 16. Kg2 f5 17. h3 Bh5 18. Nc4 Rd8 19. e5 dxe5 20. fxe5 Ra7 21. Bg5 Rf8
22. e6 Rc8 23. Nd6 Rc7 24. Bd8 b6 25. Bxc7 Rxc7 26. Rae1 Kf8 27. g4 fxg4 28.
e7+ Rxe7 29. Rhf1+ Kg8 30. Rxe7 Bxc3 31. Rff7 gxh3+ 32. Kh2 Be5+ 33. Rxe5 Nd7
34. Re8+ Nf8 35. Rexf8# {Hossa checkmated} 1-0

[Event "ICS rated blitz match"]
[Site "204.178.125.65"]
[Date "1999.11.10"]
[Round "?"]
[White "Skeletor"]
[Black "Hossa"]
[Result "1-0"]
[WhiteElo "2618"]
[BlackElo "2429"]
[PlyCount "112"]
[EventDate "1999.??.??"]

1. d4 d5 2. c4 e6 3. Nc3 Nf6 4. Bg5 Be7 5. e3 O-O 6. Nf3 c6 7. Rc1 b6 8. cxd5
exd5 9. Bd3 Bg4 10. O-O Nbd7 11. h3 Be6 12. Ne2 c5 13. Nf4 Rc8 14. Nxe6 fxe6
15. Ba6 Ra8 16. Bf4 cxd4 17. Nxd4 Nc5 18. Be2 a5 19. Rxc5 bxc5 20. Nxe6 Qd7 21.
Nxf8 Rxf8 22. Bf3 Rd8 23. b3 Qc6 24. Qc2 Qd7 25. Rd1 Qc6 26. Bg5 Qe6 27. Bxf6
gxf6 28. Qd2 d4 29. Qxa5 d3 30. Qc3 Qe5 31. Qc4+ Kg7 32. Rxd3 Qa1+ 33. Bd1 Rxd3
34. Qxd3 Qxa2 35. Bc2 Qa1+ 36. Bb1 h6 37. Qh7+ Kf8 38. Qxh6+ Kf7 39. Qg6+ Ke6
40. Qf5+ Kf7 41. Qd5+ Kf8 42. Qd3 Qa5 43. Qd1 Qc3 44. Bg6 Kg7 45. Bf5 Qe5 46.
Qd3 Bd6 47. f4 Qa1+ 48. Kf2 Be7 49. Qd7 Kf8 50. Qc8+ Kg7 51. Qe8 Qa7 52. Qg6+
Kf8 53. Be6 Bd8 54. Qg8+ Ke7 55. Qf7+ Kd6 56. Qxa7 56... Kxe6 {Hossa resigns}
1-0

[Event "ICS Unrated blitz match"]
[Site "204.178.125.65"]
[Date "1999.11.10"]
[Round "?"]
[White "Moron"]
[Black "Hossa"]
[Result "1-0"]
[WhiteElo "2776"]
[BlackElo "2413"]
[PlyCount "120"]
[EventDate "1999.??.??"]

1. d4 d5 2. c4 e6 3. Nc3 Nf6 4. Qc2 dxc4 5. e3 c5 6. dxc5 Bxc5 7. Bxc4 O-O 8.
Nf3 Bd7 9. O-O Nc6 10. Bd2 Rc8 11. Ne4 Nb4 12. Bxb4 Bxb4 13. Rad1 Nxe4 14. Qxe4
Bc6 15. Qg4 Qf6 16. Ng5 Qf5 17. Qxf5 exf5 18. b3 Bc3 19. f4 h6 20. Nf3 Rfd8 21.
Kf2 b5 22. Be2 b4 23. Rxd8+ Rxd8 24. Rc1 Be4 25. g3 a5 26. Nd4 Bxd4 27. exd4
Rxd4 28. Ke3 Rd8 29. Rc5 Ra8 30. Bd3 Bxd3 31. Kxd3 g6 32. Kc4 Kg7 33. Kb5 Kf6
34. h4 Ke6 35. h5 Kd7 36. Ka4 Kd6 37. Rxa5 Rxa5+ 38. Kxa5 Kc5 39. Ka4 gxh5 40.
Ka5 h4 41. gxh4 h5 42. Ka4 f6 43. Ka5 Kd5 44. Kxb4 Kd6 45. Kc4 Kc6 46. b4 Kb6
47. Kd5 Kb5 48. Ke6 Kc4 49. Kxf5 Kxb4 50. Kxf6 Kc5 51. Ke6 Kd4 52. f5 Ke3 53.
f6 Kd2 54. f7 Ke2 55. f8=Q Kd3 56. Qf3+ Kc4 57. Qe3 Kb4 58. Kd5 Kb5 59. Qb3+
Ka5 60. Kc5 60... Ka6 {Hossa resigns} 1-0

[Event "ICS unrated blitz match"]
[Site "204.178.125.65"]
[Date "1999.11.10"]
[Round "?"]
[White "Hossa"]
[Black "Moron"]
[Result "0-1"]
[WhiteElo "2413"]
[BlackElo "2776"]
[PlyCount "133"]
[EventDate "1999.??.??"]

1. d4 Nf6 2. c4 e6 3. Nc3 Bb4 4. e3 O-O 5. Nge2 d5 6. a3 Be7 7. Nf4 c6 8. Bd3
Nbd7 9. cxd5 exd5 10. O-O Re8 11. b3 Nf8 12. Bd2 Bd6 13. Re1 Bxf4 14. exf4
Rxe1+ 15. Bxe1 Bd7 16. Bd2 Qc7 17. f5 Re8 18. Bg5 Ne4 19. Bxe4 dxe4 20. f6 Qd8
21. fxg7 Qxg5 22. gxf8=Q+ Kxf8 23. Qf1 e3 24. Ra2 Be6 25. Qb1 Bxb3 26. Re2
exf2+ 27. Rxf2 Re3 28. Qc1 Qe7 29. Rf1 Rd3 30. Re1 Qh4 31. Ne2 Qxe1+ 32. Qxe1
Rd1 33. Qxd1 Bxd1 34. Nc3 Bc2 35. Kf2 Ke7 36. Ke3 Kd6 37. Kd2 Bg6 38. a4 b6 39.
Ke3 Bc2 40. Kd2 Bb3 41. Ke3 h6 42. g4 Ke6 43. h4 f6 44. Ke4 Bc2+ 45. Ke3 f5 46.
g5 hxg5 47. hxg5 Bb3 48. Kf4 a6 49. Ne2 Bxa4 50. d5+ cxd5 51. Nd4+ Kf7 52. Nxf5
Bb3 53. Nd4 Bc4 54. Kg4 a5 55. Kh5 a4 56. g6+ Kg8 57. Kh6 a3 58. Nf5 a2 59.
Ne7+ Kf8 60. g7+ Kxe7 61. g8=Q a1=Q 62. Qh7+ Kd6 63. Qg6+ Kc5 64. Qe6 Qh8+ 65.
Kg5 Qd8+ 66. Kh5 d4 67. Qe1 {Hossa resigns} 0-1

[Event "ICS Unrated blitz match"]
[Site "204.178.125.65"]
[Date "1999.11.10"]
[Round "?"]
[White "Moron"]
[Black "Hossa"]
[Result "1-0"]
[WhiteElo "2776"]
[BlackElo "2413"]
[PlyCount "102"]
[EventDate "1999.??.??"]

1. Nf3 e6 2. g3 d5 3. Bg2 Nf6 4. O-O c5 5. d3 Nc6 6. Nbd2 Be7 7. e4 O-O 8. Re1
Bd7 9. exd5 exd5 10. c3 Re8 11. Nb3 Bg4 12. h3 Bh5 13. Bg5 Qb6 14. Qc2 Nd7 15.
Bxe7 Rxe7 16. Rxe7 Nxe7 17. Re1 Re8 18. Nh4 Nf6 19. d4 cxd4 20. Nxd4 Qc5 21.
Qb3 b6 22. Qa4 Ra8 23. Qa6 Qc7 24. Nhf5 Nxf5 25. Nxf5 Qd7 26. Re5 Kh8 27. g4
Bg6 28. Re7 Qd8 29. Qb7 Bxf5 30. gxf5 Rb8 31. Qxa7 Ra8 32. Qc7 Qxc7 33. Rxc7
Rxa2 34. Rc8+ Ng8 35. Bxd5 Ra1+ 36. Kg2 Ra7 37. Rf8 h5 38. Bxf7 Rxf7 39. Rxf7
Nf6 40. Rb7 Kh7 41. Rxb6 Ne4 42. Re6 Nd2 43. Kg3 Nb3 44. Kh4 Nc5 45. b4 Nxe6
46. fxe6 Kg6 47. b5 Kf6 48. b6 Kxe6 49. b7 Kd7 50. b8=Q Ke6 51. Qg8+ 51... Kf5
{Hossa resigns} 1-0

[Event "ICS Rated standard match"]
[Site "204.178.125.65"]
[Date "1999.11.10"]
[Round "?"]
[White "Moron"]
[Black "Hossa"]
[Result "1-0"]
[WhiteElo "2574"]
[BlackElo "2349"]
[PlyCount "212"]
[EventDate "1999.??.??"]

1. e4 e5 2. Nf3 d6 3. d4 Nf6 4. Nc3 Nbd7 5. Bc4 exd4 6. Qxd4 Be7 7. Bf4 O-O 8.
O-O-O Nb6 9. Bb3 Be6 10. e5 c5 11. Qd2 dxe5 12. Bxe6 exf4 13. Qxf4 Qb8 14. Qxb8
Raxb8 15. Bf5 c4 16. g4 Bb4 17. Nb5 Bc5 18. Rhf1 Rfe8 19. Nd6 Red8 20. Ne4
Rxd1+ 21. Kxd1 Be7 22. g5 Rd8+ 23. Kc1 Nfd5 24. Rd1 g6 25. Bh3 Kg7 26. Rd4 f6
27. gxf6+ Bxf6 28. Nxf6 Kxf6 29. Nd2 c3 30. bxc3 Rb8 31. Kb2 Kg7 32. Bg2 Nc7
33. Re4 Kf6 34. Rh4 Kg7 35. Bf3 Ne6 36. Kc1 Ng5 37. Bg2 h6 38. Rb4 Nf7 39. a4
Nd8 40. Nb3 Nd7 41. Rd4 Nf8 42. Nc5 b6 43. Nd7 Rc8 44. Nxf8 Kxf8 45. Rd6 g5 46.
Rxh6 Nf7 47. Rh7 Kg8 48. Rh5 Rc5 49. h4 Rf5 50. hxg5 Kg7 51. Be4 Rxg5 52. Rxg5+
Nxg5 53. Bb7 Nh3 54. f3 Kf6 55. Kd2 Ke5 56. Ke3 Nf4 57. Bc8 Ng2+ 58. Ke2 Kd5
59. Bd7 Nf4+ 60. Kd2 Kc5 61. Bb5 Kd5 62. Be8 Ke5 63. Bd7 Ng2 64. Bb5 Nh4 65.
Ke2 Ng2 66. Kf2 Nf4 67. Bc4 Kf5 68. Ke3 Ke5 69. Bf7 Nh3 70. Bb3 Nf4 71. Bc4 Kf5
72. Bb5 Ke5 73. Bc6 Nh3 74. Kd3 Kd6 75. Be4 Ke5 76. Kc4 Nf2 77. Kb5 Nd1 78. Ka6
Nxc3 79. Kxa7 Nxa4 80. Ka6 Kd4 81. Kb5 Nc3+ 82. Kxb6 Ne2 83. Kc7 Kc5 84. Kd7
Nf4 85. Ke7 Kd4 86. Kf6 Nh3 87. Kf5 Nf2 88. Kf4 Nd1 89. Bd3 Nf2 90. Bg6 Nd1 91.
Kg5 Nf2 92. Kh4 Ke3 93. c4 Kd4 94. Bc2 Nh1 95. Kh3 Ke3 96. c5 Kf2 97. c6 Kg1
98. f4 Nf2+ 99. Kg3 Nh1+ 100. Kf3 Ng3 101. Kxg3 Kf1 102. c7 Ke1 103. c8=Q Kd2
104. Bb3 Kd3 105. Kf3 Kd2 106. Qc2+ 106... Ke1 {Hossa resigns} 1-0

[Event "ICS Rated standard match"]
[Site "204.178.125.65"]
[Date "1999.11.10"]
[Round "?"]
[White "Hossa"]
[Black "Moron"]
[Result "0-1"]
[WhiteElo "2342"]
[BlackElo "2581"]
[PlyCount "141"]
[EventDate "1999.??.??"]

1. e4 c5 2. Nf3 e6 3. d4 cxd4 4. Nxd4 Nf6 5. Bd3 Nc6 6. Nxc6 bxc6 7. O-O d5 8.
Nc3 Be7 9. Bf4 O-O 10. e5 Nd7 11. Qh5 f5 12. Ne2 c5 13. c4 Ba6 14. Rad1 d4 15.
b4 Qc7 16. Rfe1 Rab8 17. bxc5 Bxc5 18. Qh4 Bb4 19. Nxd4 Bxe1 20. Rxe1 Rfe8 21.
Rc1 Qc5 22. Nb3 Qa3 23. Rc2 Rec8 24. Bc1 Qb4 25. Bd2 Qf8 26. Qd4 Nc5 27. Bf1
Nxb3 28. axb3 Rxb3 29. Qxa7 Ra3 30. Bc1 Ra4 31. c5 Qd8 32. Rd2 Qc7 33. Qxc7
Rxc7 34. Rc2 Rd7 35. Bxa6 Rd1+ 36. Bf1 Ra1 37. f4 Rdxc1 38. Rxc1 Rxc1 39. h4
Rxc5 40. Kf2 Rc3 41. Be2 Kf8 42. g4 Rh3 43. gxf5 exf5 44. h5 Rh2+ 45. Ke3 Ke7
46. Bf3 Ke6 47. Be2 Rh3+ 48. Kd4 h6 49. Bc4+ Kd7 50. Bb5+ Kd8 51. Be2 Ke7 52.
Bd1 Kf7 53. Be2 g5 54. hxg6+ Kxg6 55. Bd1 Ra3 56. Be2 h5 57. Bb5 h4 58. Be8+
Kg7 59. Bc6 h3 60. Kc4 h2 61. Kb4 Re3 62. Bg2 Re4+ 63. Kc5 Rxf4 64. Kd6 Rf1 65.
Bxf1 h1=Q 66. Bc4 f4 67. e6 Qe1 68. e7 Qb4+ 69. Kd5 Qxe7 70. Bf1 Qd7+ 71. Kc5 {
Hossa resigns} 0-1

[Event "ICS rated blitz match"]
[Site "204.178.125.65"]
[Date "1999.11.10"]
[Round "?"]
[White "PostModernist"]
[Black "Hossa"]
[Result "0-1"]
[WhiteElo "2512"]
[BlackElo "2413"]
[PlyCount "180"]
[EventDate "1999.??.??"]

1. e4 c5 2. Nf3 e6 3. d4 cxd4 4. Nxd4 Nf6 5. Nc3 d6 6. g4 Be7 7. g5 Nfd7 8. h4
Nc6 9. Be3 O-O 10. Qd2 Nxd4 11. Qxd4 Ne5 12. O-O-O Ng4 13. f4 Nxe3 14. Qxe3 Bd7
15. Bb5 Bxb5 16. Nxb5 Qa5 17. Qb3 Rad8 18. f5 exf5 19. exf5 a6 20. f6 Bxf6 21.
Nxd6 Be7 22. Nxb7 Rxd1+ 23. Rxd1 Qc7 24. Rf1 Qe5 25. Qc4 Qe3+ 26. Kb1 Qb6 27.
Qb3 Qd4 28. Qg3 Qd7 29. Qf3 Qd4 30. Qh1 Rc8 31. Rd1 Qa4 32. b3 Qb4 33. Qd5 Qc3
34. Rd2 Bb4 35. Re2 Ba3 36. Qe5 Qc6 37. b4 Bxb4 38. Qe4 Qb6 39. c4 Ba3+ 40. Kc2
Rc7 41. Qd5 Qb2+ 42. Kd3 Qb1+ 43. Ke3 Qxb7 44. Kf4 Qb8 45. Kf3 Qc8 46. Re4 Rc5
47. Qd3 Bb2 48. Qe3 Qh3+ 49. Ke2 Qxe3+ 50. Rxe3 f5 51. Re8+ Kf7 52. Rb8 Be5 53.
Rb4 Kg6 54. Rb6+ Kh5 55. Rxa6 Rxc4 56. Re6 Ba1 57. a3 Rxh4 58. g6 hxg6 59. Re3
g5 60. Rf3 g6 61. Rb3 Rh2+ 62. Kd3 g4 63. Kc4 Rc2+ 64. Kd3 Ra2 65. Kc4 Be5 66.
Kd5 Bf4 67. Kc4 g3 68. Rb1 g2 69. Rg1 Be3 70. Rxg2 Rxg2 71. a4 Ra2 72. Kb3 Rxa4
73. Kxa4 f4 74. Kb3 f3 75. Kc2 f2 76. Kd3 f1=Q+ 77. Kc3 Qc4+ 78. Kxc4 Kg4 79.
Kd5 Kf3 80. Kd6 g5 81. Ke5 g4 82. Kd5 g3 83. Ke5 g2 84. Ke6 g1=Q 85. Kd5 Qc1
86. Kd6 Ke4 87. Ke7 Kf5 88. Kd7 Kf6 89. Kd6 Qc8 90. Kd5 90... Qe6# {
PostModernist checkmated} 0-1

[Event "ICS rated blitz match"]
[Site "204.178.125.65"]
[Date "1999.11.10"]
[Round "?"]
[White "Hossa"]
[Black "PostModernist"]
[Result "0-1"]
[WhiteElo "2433"]
[BlackElo "2492"]
[PlyCount "129"]
[EventDate "1999.??.??"]

1. d4 Nf6 2. Bf4 g6 3. Nf3 Bg7 4. e3 c5 5. dxc5 Qa5+ 6. Nbd2 Nc6 7. c3 Qxc5 8.
e4 Ng4 9. Bg3 O-O 10. Be2 d6 11. Nd4 Nxd4 12. cxd4 Bxd4 13. Bxg4 Bxb2 14. Rb1
Bxg4 15. Qxg4 Bc3 16. Qe2 Qa3 17. Qd3 Rac8 18. Bh4 Qxa2 19. Bg5 Rc5 20. O-O
Rxg5 21. Qxc3 Rc5 22. Qe3 Qa6 23. Ra1 Ra5 24. Nb3 Ra2 25. Rac1 Re2 26. Qh6 Qd3
27. Na5 Qb5 28. Ra1 Rxe4 29. Ra3 Re5 30. Rh3 Rh5 31. Rxh5 gxh5 32. Qd2 b6 33.
Nb7 Rb8 34. Nxd6 exd6 35. Qxd6 Re8 36. Qg3+ Kf8 37. Qa3+ Re7 38. Rd1 Qe2 39.
Rd8+ Kg7 40. Qg3+ Qg4 41. f3 Qxg3 42. hxg3 a5 43. Kf2 Re5 44. Ra8 h6 45. Ra6
Re6 46. Ra7 Kg6 47. Rb7 a4 48. Ra7 b5 49. Rb7 Re5 50. f4 Rc5 51. Rb8 a3 52. Ke3
Rc1 53. Rg8+ Kf5 54. Ra8 b4 55. Ra7 b3 56. Ra5+ Kg4 57. Rxa3 b2 58. Rb3 b1=Q
59. Rxb1 Rxb1 60. Kd4 f5 61. Ke5 Rb3 62. Kf6 Rxg3 63. Kg6 h4 64. Kg7 Rxg2 65.
Kf7 {Hossa resigns} 0-1

[Event "ICS rated blitz match"]
[Site "204.178.125.65"]
[Date "1999.11.10"]
[Round "?"]
[White "tryany1"]
[Black "Hossa"]
[Result "0-1"]
[WhiteElo "2095"]
[BlackElo "2420"]
[PlyCount "46"]
[EventDate "1999.??.??"]

1. d4 Nf6 2. c4 e6 3. a3 Be7 4. Nc3 d5 5. cxd5 exd5 6. Bf4 O-O 7. Qc2 c5 8. e3
cxd4 9. exd4 Nc6 10. Rd1 Re8 11. Be2 Bg4 12. f3 Be6 13. Kf2 Rc8 14. Qa4 Nh5 15.
Be3 Qb6 16. Qc2 Bf6 17. Qd2 Bh4+ 18. g3 Be7 19. f4 Nf6 20. h3 Na5 21. Na4 Ne4+
22. Kg2 Qb3 23. Qxa5 23... Qxe3 {tryany1 resigns} 0-1